Library binding handbook (Record no. 95393)

MARC details
000 -LEADER
campo de control de longitud fija 00674nam a2200169 4500
001 - NÚMERO DE CONTROL
campo de control 2622
005 - FECHA Y HORA DE LA ÚLTIMA TRANSACCIÓN
campo de control 20230410143101.0
008 - DATOS DE LONGITUD FIJA--INFORMACIÓN GENERAL
campo de control de longitud fija 060907n1963 dr spa
035 ## - NÚMERO DE CONTROL DEL SISTEMA
-- funglode2632
041 ## - CÓDIGO DE IDIOMA
Código de lengua del texto/banda sonora o título independiente EN
050 14 - SIGNATURA TOPOGRÁFICA DE LA BIBLIOTECA DEL CONGRESO
Número de clasificación OFICINA 6
245 0# - MENCIÓN DEL TÍTULO
Título Library binding handbook
260 ## - PUBLICACIÓN, DISTRIBUCIÓN, ETC.
Lugar de publicación, distribución, etc. Boston :
Nombre del editor, distribuidor, etc. Library Binding Institute,
Fecha de publicación, distribución, etc. 1963
300 ## - DESCRIPCIÓN FÍSICA
Extensión 49 p.
520 ## - RESUMEN, ETC.
Sumario, etc. Library binding and the LBI standard, 9. -- How to examine library binding - a ten point check list, 13. -- Maintenance of library materials - the establishment of a system within a library, 15. -- Good binding practices - some recommendations, 20. -- Water - damaged books, 31
942 ## - ELEMENTOS DE ENTRADA SECUNDARIOS (KOHA)
Fuente del sistema de clasificación o colocación Clasificación de Library of Congress
Tipo de ítem Koha
Holdings
Estatus retirado Estado de pérdida Fuente del sistema de clasificación o colocación Estado de daño No para préstamo Colección Biblioteca de origen Biblioteca actual Ubicación en estantería Fecha de adquisición Signatura topográfica completa Código de barras Visto por última vez Copia número Tipo de ítem Koha
    Clasificación de Library of Congress     Automatización y Procesos Técnicos Biblioteca Juan Bosch Biblioteca Juan Bosch Automatización y Procesos Técnicos (1er. Piso) 21/01/2019 OFICINA 6 00000018531 21/01/2019 1